000 01068nmm a2200301 a 4500
001 ocm0001703221
003 TR-IsHL
005 20201028170254.0
008 180121s2017 tu tur
007 cr cn
020 _a9786058311688
035 _a1703221
_b(N$T)
050 0 4 _aPL248.M36
_bS57 2017
090 0 4 _aPL248.M36
_bS57 2017
100 1 _aMarden, Herb
245 1 0 _aSır koruyucuları: düğün
_h[electronic resource] /
_cHerb Marden ; editör Suat Kutay Küçükler
250 _aBirinci basım
260 _aİstanbul :
_bMaşuk Kitap,
_c2017
300 _a387 p.
500 _aDış kapakta : "Bugüne kadar hiçbir ölümlü, gerçek yüzümü görmedi!" Bundan sonrası dadece size kalmış...
_x
650 4 _aDil ve Edebiyat
650 4 _aLanguage and Literature
650 0 _aTürk romanı
650 0 _aTurkish fiction
650 7 _aLITERARY COLLECTIONS / Middle Eastern
_2bisacsh
700 1 _aKüçükler, Suat Kutay
856 4 0 _uhttp://search.ebscohost.com/login.aspx?direct=true&scope=site&db=e011xww&AN=1703221
999 _c16181
_d16181